000 00215nam a22000857a 4500
008 161202b xxu||||| |||| 00| 0 eng d
100 _91786
_aKeefer. M
245 _aI like sunday school
260 _aAmerica
_bStandard
_c1993
999 _c4494
_d4494